01138nam a2200217Ia 4500008004100000041000800041110009500049245026700144260009900411300002000510500018500530650001200715650002300727650002500750650002900775650002100804650002100825650002600846650000900872710003900881240223s2024 sp 000 0 spa d aspa2 aCCOObConfederación SindicalbSecretaría de Mujeres, Igualdad y Condiciones de Trabajo10aGuía de buenas prácticas en la negociación, elaboración, implementación, seguimiento y evaluación de Planes de Igualdad en empresas sin representación sindicalb: 2024c/ Secretaría Confederal de Mujeres, Igualdad y Condiciones de Trabajo de CCOO a[Madrid] :bCCOO, Secretaría Confederal de Mujeres, Igualdad y Condiciones de Trabajo,c2024 a94 p. ;c25 cm aElaborado en el Marco del Proyecto "Más acción sindical para mejorar la implementación de la igualdad en las empresas sin representación legal de las personas trabajadoras" 0aMUJERES 0aIGUALDAD DE GENERO 0aIGUALDAD DE DERECHOS 0aIGUALDAD DE REMUNERACION 0aACTITUD SINDICAL 0aPLAN DE IGUALDAD 0aNEGOCIACION COLECTIVA 0aGUIA2 aINSTITUTO DE LAS MUJEREScEspaña